00410nam a22001337a 4500008004100000020001500041050002100056100002300077245008800100260003600188300001300224650001700237700002200254160804b xxu||||| |||| 00| 0 eng d a0727715178 aHD 58.6.S36 1990 aScott, Bill.d1990 aNegotiating skills in engineering and construction /cBill Scott and Bertil Billing aLondon;bThomas Telford,c1990. a223 p. : aEngineering. aBilling, Bertil .